Illustrated art notes upon the annual exhibition of the National Academy of Design.

Bibliographic Details
New Title:National Academy of Design (U.S.). National Academy notes including the complete catalogue of the spring exhibition, National Academy of Design
Previous Title:National Academy of Design (U.S.). American academy notes
Corporate Author: National Academy of Design (U.S.)
Other Authors: Kurtz, Charles M. (Charles McMeen), 1855-1909
Format: Serial
Language:English
Published: New York : Cassell, Peter, Galpin & Co., ©1882-©1883.
Subjects:
Online Availability: Check for online availability

MARC

Tag First Indicator Second Indicator Subfields
LEADER 00000cas a2200000 a 4500
001 in00002785838
005 20151202172145.0
006 m o d
007 cr |||||||||||
008 100526d18821883nyuar oo 0 0eng c
010 |a  2010234994 
022 |y 2152-856X 
029 1 |a NZ1  |b 13447449 
035 |a (OCoLC)ocn631405534 
035 |a (OCoLC)631405534 
040 |a EYM  |c EYM  |d HUL  |d MYG  |d OCLCQ  |d TXA  |d UtOrBLW 
042 |a pcc 
049 |a TXAM 
090 |a N5020  |b .N45 Electronic 
110 2 |a National Academy of Design (U.S.) 
245 1 0 |a Illustrated art notes upon the annual exhibition of the National Academy of Design. 
246 3 0 |a Illustrated art notes 
264 1 |a New York :  |b Cassell, Peter, Galpin & Co.,  |c ©1882-©1883. 
310 |a Annual 
336 |a text  |b txt  |2 rdacontent 
337 |a computer  |b c  |2 rdamedia 
338 |a online resource  |b cr  |2 rdacarrier 
362 1 |a Began with: No. 2 (1882); ceased with: No. 3 (1883). 
500 |a Edited by Charles M. Kurtz. 
500 |a Description based on: Number 2 (1882); title from cover (JSTOR, viewed May 26, 2010). 
500 |a Final issue consulted: Number 3 (1883) (JSTOR, viewed May 26, 2010). 
500 |a Electronic resource. 
650 0 |a Art  |v Exhibitions. 
650 0 |a Artists  |v Exhibitions. 
700 1 |a Kurtz, Charles M.  |q (Charles McMeen),  |d 1855-1909. 
776 0 8 |i Also issued in print:  |a National Academy of Design (U.S.).  |t Illustrated art notes upon the annual exhibition of the National Academy of Design  |x 2152-856X  |w (DLC) 2009201286  |w (OCoLC)9034133 
780 0 0 |a National Academy of Design (U.S.).  |t American academy notes  |w (OCoLC)631401049  |w (DLC) 2010234995 
785 0 0 |a National Academy of Design (U.S.).  |t National Academy notes including the complete catalogue of the spring exhibition, National Academy of Design  |w (DLC) 2010234993  |w (OCoLC)631407153 
948 |a cataloged  |b h  |c 2012/12/20  |d c  |e spoltoratski  |f 10:32:13 am  |g sc 
994 |a C0  |b TXA 
999 |a MARS 
999 f f |s 676789d5-e50e-343a-89d5-8027a0c0fe9d  |i fbe91703-e487-34b0-9a18-a8182878f7aa  |t 0 
952 f f |a Texas A&M University  |b College Station  |c Electronic Resources  |d Available Online  |t 0  |e N5020 .N45  |g Electronic  |h Library of Congress classification 
998 f f |a N5020 .N45  |t 0  |l Available Online